La política de la Iglesia apolítica : (Record n. 27471)

Dettagli MARC
000 -LEADER
fixed length control field 00929nam a2200253 i 4500
003 - CONTROL NUMBER IDENTIFIER
control field IT-RoINE
005 - DATE AND TIME OF LATEST TRANSACTION
control field 20181107112123.0
008 - FIXED-LENGTH DATA ELEMENTS--GENERAL INFORMATION
fixed length control field 960118s1975 sp | ||| ||spa
020 ## - INTERNATIONAL STANDARD BOOK NUMBER
International Standard Book Number 8470501259
040 ## - CATALOGING SOURCE
Original cataloging agency SpMaBN
Transcribing agency SpMaBN IT-RoINE
Modifying agency IT-RoINE
100 1# - MAIN ENTRY--PERSONAL NAME
Personal name Vigil, José María,
Dates associated with a name 1946-
9 (RLIN) 54153
245 13 - TITLE STATEMENT
Title La política de la Iglesia apolítica :
Remainder of title una aportación a la teología política desde la historia /
Statement of responsibility, etc por José Mª Vigil Gallego.
260 ## - PUBLICATION, DISTRIBUTION, ETC. (IMPRINT)
Place of publication, distribution, etc Valencia :
Name of publisher, distributor, etc EDICEP,
Date of publication, distribution, etc D.L. 1975.
300 ## - PHYSICAL DESCRIPTION
Extent 225 p. ;
Dimensions 21 cm.
336 ## - CONTENT TYPE
Source rdacontent
Content type term text
337 ## - MEDIA TYPE
Source rdamedia
Media type term unmediated
338 ## - CARRIER TYPE
Source rdacarrier
Carrier type term volume
490 1# - SERIES STATEMENT
Series statement Las ideas y la vida ;
Volume number/sequential designation 3
504 ## - BIBLIOGRAPHY, ETC. NOTE
Bibliography, etc Incluye referencias bibliográficas en notas.
600 04 - SUBJECT ADDED ENTRY--PERSONAL NAME
Personal name Antonio María Claret,
Titles and other words associated with a name Santo,
Dates associated with a name 1807-1870
General subdivision Pensamiento político
9 (RLIN) 54154
650 #4 - SUBJECT ADDED ENTRY--TOPICAL TERM
Topical term or geographic name as entry element Teología política
9 (RLIN) 3623
830 #0 - SERIES ADDED ENTRY--UNIFORM TITLE
9 (RLIN) 19827
Uniform title Ideas y la vida ;
Volume number/sequential designation 3
942 ## - ADDED ENTRY ELEMENTS (KOHA)
Item type Monografías
Dati di copia
Withdrawn status Lost status Damaged status Not for loan Home library Current library Date acquired Total Checkouts Full call number Barcode Date last seen Price effective from Koha item type
        Iglesia Nacional Española en Roma Iglesia Nacional Española en Roma 07/11/2018   TEO 2190 53201 07/11/2018 07/11/2018 Monografías